00640nam a2200169 a 450000100100000000500170001000800410002704000250006808200160009310000370010924500390014626000470018530000210023259000270025395201730028099900170045300003310520240226143436.0110817s1922 dr r 000 0 spa d aDO-SdBNPbspacBNPHU axxxxbD542s1 aDíaz, Vigil,d1880-196192211410aDel Sena al Ozama /cVigil Díaz. aSanto Domingo :bImp. Vda García,c1922. a129 p. ;c20 cm. aInventariado, 2018/ YL 001050718RVaPDbPDcCTd2011-08-17iLF1l0oxxxx D542sp33105-10r2020-06-25w2020-06-25y1zPerteneció a la biblioteca personal de Martínez Boog.ZNo se presta c32596d32596